[Event "LIII Festival A"]
[Site "Imperia ITA"]
[Date "2011.09.08"]
[Round "6"]
[White "Arnaudov, G. Petar"]
[Black "Suvrajit, Saha"]
[WhiteElo "2484"]
[BlackElo "2384"]
[Result "1-0"]
[PlyCount "75"]
[EventDate "2011.09.09"]

1. Nf3 Nf6 2. c4 g6 3. Nc3 Bg7 4. e4 d6 5. d4 O-O 6. h3 Na6 7. Bg5 Qe8 8. Bd3
e5 9. O-O c6 10. Re1 Nh5 11. Be3 f5 12. exf5 gxf5 13. dxe5 dxe5 14. Nxe5 Qxe5
15. Qxh5 Nc5 16. Bc2 Ne6 17. Rad1 Qf6 18. c5 Qg6 19. Qxg6 hxg6 20. Bb3 Kh7 21.
Rd6 Nc7 22. Bf4 Ne8 23. Rd8 Nf6 24. Red1 b6 25. Be5 Rxd8 26. Rxd8 Kh6 27. cxb6
axb6 28. Na4 Nd7 29. Bf4+ g5 30. Be3 Bf6 31. Re8 b5 32. Nc5 Nxc5 33. Bxc5 Bxb2
34. Bc2 f4 35. Re7 g4 36. Rh7+ Kg5 37. Be7+ Bf6 38. h4# 1-0

[Event "LIII Festival A"]
[Site "Imperia ITA"]
[Date "2011.09.08"]
[Round "6"]
[White "Pepino, Enrico"]
[Black "Pedini, Dario"]
[WhiteElo "2168"]
[BlackElo "2206"]
[Result "0-1"]
[PlyCount "46"]
[EventDate "2011.09.09"]

1. e4 e5 2. Nf3 Nc6 3. d4 exd4 4. Nxd4 Bc5 5. Be3 Qf6 6. c3 Nge7 7. g3 d5 8.
Bg2 Bxd4 9. cxd4 dxe4 10. Nc3 Bf5 11. Nxe4 Bxe4 12. Bxe4 O-O-O 13. O-O Nxd4 14.
Qa4 Nec6 15. Rad1 a6 16. b4 Ne2+ 17. Kg2 Nc3 18. Rxd8+ Rxd8 19. Qc2 Nxb4 20.
Qb3 Nxe4 21. Qxb4 Qe6 22. Rc1 Nf6 23. Bf4 Nd5 0-1

[Event "LIII Festival A"]
[Site "Imperia ITA"]
[Date "2011.09.09"]
[Round "7"]
[White "Angelini, Marco"]
[Black "Neubauer, Kai"]
[WhiteElo "2200"]
[BlackElo "2036"]
[Result "1-0"]
[PlyCount "91"]
[EventDate "2011.09.09"]

1. e4 c5 2. Nf3 Nc6 3. d4 cxd4 4. Nxd4 e5 5. Nb5 d6 6. N1c3 a6 7. Na3 b5 8. Nd5
Nf6 9. Bg5 Qa5+ 10. Bd2 Qd8 11. Bg5 Qa5+ 12. Bd2 Qd8 13. Nxf6+ Qxf6 14. c4 Qg6
15. f3 Be7 16. Be3 b4 17. Nc2 a5 18. Qd2 O-O 19. Bd3 Kh8 20. O-O f5 21. exf5
Bxf5 22. Bxf5 Qxf5 23. b3 Rf6 24. Rf2 Rg6 25. Qd5 Rc8 26. Bb6 Qh5 27. Ne3 Bg5
28. Ng4 Qh4 29. g3 Qh3 30. Rg2 h5 31. Nf2 Qf5 32. g4 hxg4 33. fxg4 Qd7 34. Rf1
Rf8 35. Ne4 Rxf1+ 36. Kxf1 Bh4 37. h3 Ne7 38. Qd3 d5 39. Bf2 Bxf2 40. Rxf2 Qc6
41. Rf8+ Ng8 42. Qxd5 Qe6 43. Ke2 Rh6 44. Ng5 Qxd5 45. cxd5 Rg6 46. d6 1-0

[Event "LIII Festival A"]
[Site "Imperia ITA"]
[Date "2011.09.09"]
[Round "7"]
[White "Delseny, Serge"]
[Black "Faraci, Antonino"]
[WhiteElo "1997"]
[BlackElo "1983"]
[Result "0-1"]
[PlyCount "84"]
[EventDate "2011.09.09"]

1. c4 e5 2. g3 Nc6 3. Bg2 d6 4. Nc3 Be6 5. d3 Qd7 6. Rb1 a5 7. a3 g6 8. Bd2 Bg7
9. Qa4 Nge7 10. Nd5 O-O 11. Nxe7+ Qxe7 12. Nf3 h6 13. O-O Bd7 14. Qd1 f5 15. b4
axb4 16. axb4 Rae8 17. b5 Nd8 18. Ne1 Kh7 19. Nc2 g5 20. Nb4 Bc8 21. Nd5 Qf7
22. Bb4 Be6 23. Qa4 Bxd5 24. Bxd5 Qh5 25. Bf3 g4 26. Bg2 f4 27. c5 f3 28. exf3
gxf3 29. Bh1 Ne6 30. cxd6 cxd6 31. Bxd6 Rf4 32. Rb4 Nd4 33. Rxd4 Rxd4 34. Qa3
Qg6 35. Bc5 Rxd3 36. Qa7 e4 37. Qxb7 Red8 38. h3 R8d7 39. Qa8 Qf5 40. Be3 Rd1
41. Rxd1 Rxd1+ 42. Kh2 Rxh1+ 0-1

[Event "LIII Festival A"]
[Site "Imperia ITA"]
[Date "2011.09.09"]
[Round "7"]
[White "Egartner, Wolfgang"]
[Black "Gastaldello, Lorenzo"]
[WhiteElo "2151"]
[BlackElo "1880"]
[Result "1/2-1/2"]
[PlyCount "67"]
[EventDate "2011.09.09"]

1. d4 d5 2. c4 c6 3. Nf3 Nf6 4. cxd5 cxd5 5. Nc3 Nc6 6. Bf4 a6 7. e3 Bg4 8. h3
Bh5 9. Be2 e6 10. Qb3 Bxf3 11. Bxf3 Na5 12. Qd1 Be7 13. O-O O-O 14. e4 dxe4 15.
Nxe4 Rc8 16. Nc3 Rc4 17. Be3 Bb4 18. Na4 Rc8 19. a3 Be7 20. b4 Nc6 21. Nc5 Qc7
22. Qb3 Rfd8 23. Rfd1 Nd5 24. Bxd5 Rxd5 25. Ne4 Rd7 26. Rac1 Rcd8 27. Nc5 Nxd4
28. Bxd4 Rxd4 29. Rxd4 Rxd4 30. Qe3 Rd5 31. Nxe6 Qd7 32. Nc5 Bxc5 33. Rxc5 Rxc5
34. Qxc5 1/2-1/2

[Event "LIII Festival A"]
[Site "Imperia ITA"]
[Date "2011.09.09"]
[Round "7"]
[White "Krouzel, Jaroslav"]
[Black "Del Dotto, Riccardo"]
[WhiteElo "2133"]
[BlackElo "2201"]
[Result "1/2-1/2"]
[PlyCount "40"]
[EventDate "2011.09.09"]

1. d4 d5 2. Nf3 c6 3. c4 Nf6 4. cxd5 cxd5 5. Nc3 Nc6 6. Bf4 a6 7. e3 Bg4 8. Be2
e6 9. O-O Bd6 10. Bg5 O-O 11. Rc1 Rc8 12. Na4 Ne7 13. Nc5 Bxc5 14. dxc5 Ne4 15.
Bxe7 Qxe7 16. b4 Qf6 17. Nd4 Bxe2 18. Qxe2 e5 19. Nb3 Qe6 20. Rfd1 f5 1/2-1/2

[Event "LIII Festival A"]
[Site "Imperia ITA"]
[Date "2011.09.09"]
[Round "7"]
[White "La Manna, Andrea"]
[Black "Lacrosse, Marc"]
[WhiteElo "2189"]
[BlackElo "2144"]
[Result "1-0"]
[PlyCount "43"]
[EventDate "2011.09.09"]

1. d4 d5 2. c4 e6 3. Nc3 Bb4 4. a3 Bxc3+ 5. bxc3 Nf6 6. cxd5 exd5 7. f3 O-O 8.
e3 c5 9. Bd3 b6 10. Ne2 Re8 11. O-O Ba6 12. Ng3 Bxd3 13. Qxd3 Nc6 14. Bb2 Rc8
15. Rae1 Qd7 16. e4 dxe4 17. fxe4 cxd4 18. cxd4 Ne5 19. Qe2 Nc4 20. Rxf6 Nxb2
21. Nf5 Kh8 22. Rd6 1-0

[Event "LIII Festival A"]
[Site "Imperia ITA"]
[Date "2011.09.09"]
[Round "7"]
[White "Noli, Giovanni"]
[Black "Tomassoni, Leonardo"]
[WhiteElo "1915"]
[BlackElo "1932"]
[Result "1-0"]
[PlyCount "89"]
[EventDate "2011.09.09"]

1. d4 Nf6 2. c4 c5 3. d5 e6 4. Nc3 exd5 5. cxd5 d6 6. e4 g6 7. h3 Bg7 8. Nf3 a6
9. a4 O-O 10. Bd3 Re8 11. O-O Nbd7 12. Bf4 Qc7 13. Qd2 c4 14. Bc2 Nc5 15. Rfe1
Nh5 16. Bg5 Bd7 17. a5 b5 18. axb6 Qxb6 19. Rab1 Rab8 20. g4 Nf6 21. e5 dxe5
22. Nxe5 Rxe5 23. Rxe5 Nxg4 24. Re2 Ne5 25. Kg2 Qb7 26. Bf4 Bxh3+ 27. Kxh3 Qd7+
28. Kg2 Qg4+ 29. Bg3 Qf3+ 30. Kg1 Qh5 31. Qf4 Re8 32. Kg2 Bh6 33. Rxe5 Bxf4 34.
Rxh5 Bxg3 35. Rh3 Bd6 36. Re3 Rb8 37. Ne4 Bf8 38. Nxc5 Bxc5 39. Re4 Rd8 40. Rd1
Bd6 41. Rxc4 h5 42. Ra4 Be5 43. Rxa6 Bxb2 44. d6 Rd7 45. Ba4 1-0

[Event "LIII Festival A"]
[Site "Imperia ITA"]
[Date "2011.09.09"]
[Round "7"]
[White "Pedini, Dario"]
[Black "Cugini, Verter"]
[WhiteElo "2206"]
[BlackElo "2053"]
[Result "1-0"]
[PlyCount "63"]
[EventDate "2011.09.09"]

1. d4 d6 2. e4 Nf6 3. Bd3 e5 4. Nf3 Nc6 5. c3 Bg4 6. d5 Nb8 7. Be3 Be7 8. Nbd2
O-O 9. Qb3 b6 10. h3 Bxf3 11. Nxf3 Nbd7 12. O-O Nc5 13. Bxc5 bxc5 14. Qc2 a5
15. a4 Nh5 16. g3 Qd7 17. Kg2 g6 18. Bb5 Qc8 19. Be2 c6 20. dxc6 Qxc6 21. Bc4
Rab8 22. Bd5 Qc8 23. Nd2 Kh8 24. Nc4 f5 25. Nxa5 f4 26. Nc6 fxg3 27. fxg3 Rxf1
28. Rxf1 Rb7 29. Qf2 Bf6 30. b4 Rg7 31. b5 g5 32. Qf5 1-0

[Event "LIII Festival A"]
[Site "Imperia ITA"]
[Date "2011.09.10"]
[Round "8"]
[White "Cugini, Verter"]
[Black "Angelini, Marco"]
[WhiteElo "2053"]
[BlackElo "2200"]
[Result "1/2-1/2"]
[PlyCount "111"]
[EventDate "2011.09.09"]

1. e4 c5 2. g3 Nc6 3. Bg2 g6 4. Ne2 Bg7 5. O-O d6 6. Nbc3 e6 7. d3 Nge7 8. Be3
Nd4 9. Qd2 O-O 10. Nd1 Rb8 11. c3 Nxe2+ 12. Qxe2 b5 13. d4 cxd4 14. Bxd4 Bxd4
15. cxd4 d5 16. exd5 Nxd5 17. Ne3 Bb7 18. Rfd1 a6 19. Rac1 Nb6 20. d5 exd5 21.
Bxd5 Nxd5 22. Nxd5 Bxd5 23. Qe5 Re8 24. Qxd5 Qxd5 25. Rxd5 Re2 26. Rd6 a5 27.
b4 Rxa2 28. bxa5 Rxa5 29. Rd7 Ra6 30. Rcc7 Rf6 31. f4 h5 32. Kg2 Rf5 33. Rb7
Ra8 34. Ra7 Rxa7 35. Rxa7 Kg7 36. Rb7 Kf6 37. Kf3 Ke6 38. Ke4 Kd6 39. Kd4 Kc6
40. Rb8 h4 41. Rc8+ Kd6 42. Rd8+ Kc7 43. Rh8 hxg3 44. hxg3 Kb6 45. Ra8 Rf6 46.
Kd5 Rf5+ 47. Ke4 Rf6 48. Kd5 g5 49. fxg5 Rf5+ 50. Kd4 Rxg5 51. Ra3 b4 52. Rf3
Kb5 53. Kd3 Rc5 54. Rxf7 Rc3+ 55. Kd2 Rxg3 56. Kc2 1/2-1/2

[Event "LIII Festival A"]
[Site "Imperia ITA"]
[Date "2011.09.10"]
[Round "8"]
[White "Dolezal, Radoslav jr"]
[Black "La Manna, Andrea"]
[WhiteElo "2393"]
[BlackElo "2189"]
[Result "1/2-1/2"]
[PlyCount "28"]
[EventDate "2011.09.09"]

1. c4 f5 2. g3 Nf6 3. Bg2 g6 4. b4 Bg7 5. Bb2 d6 6. Nf3 e5 7. O-O O-O 8. Qb3
Kh8 9. Nc3 c6 10. d3 Na6 11. a4 Qe8 12. Ba3 Nc7 13. b5 c5 14. Rad1 Ne6 1/2-1/2

[Event "LIII Festival A"]
[Site "Imperia ITA"]
[Date "2011.09.10"]
[Round "8"]
[White "Faraci, Antonino"]
[Black "Ferri, Stefano"]
[WhiteElo "1983"]
[BlackElo "2192"]
[Result "1/2-1/2"]
[PlyCount "39"]
[EventDate "2011.09.09"]

1. e4 Nc6 2. Nc3 e5 3. g3 Bc5 4. Bg2 Qf6 5. Nf3 Nge7 6. O-O d6 7. Nd5 Nxd5 8.
exd5 Nd4 9. Nxd4 Bxd4 10. c3 Bb6 11. d4 exd4 12. Re1+ Kf8 13. Qa4 Bf5 14. Bd2
h6 15. Qb3 Bd7 16. cxd4 Qxd4 17. Be3 Qf6 18. Rac1 Rc8 19. Bxb6 axb6 20. Rc3
1/2-1/2

[Event "LIII Festival A"]
[Site "Imperia ITA"]
[Date "2011.09.10"]
[Round "8"]
[White "Formento, Paolo"]
[Black "Efimov, Igor"]
[WhiteElo "2068"]
[BlackElo "2430"]
[Result "1/2-1/2"]
[PlyCount "78"]
[EventDate "2011.09.09"]

1. Nf3 Nf6 2. d4 c5 3. e3 d5 4. b3 Nc6 5. Bb2 cxd4 6. exd4 Bf5 7. Bd3 Bxd3 8.
Qxd3 Qa5+ 9. Bc3 Qc7 10. O-O e6 11. Nbd2 Rc8 12. a3 Ne7 13. Bb4 Qxc2 14. Qe2 a6
15. Bc5 Qf5 16. Rac1 Nc6 17. Bxf8 Kxf8 18. Ne5 Ne7 19. Qd1 Nc6 20. Qe2 Qf4 21.
Ndf3 g5 22. Nxc6 Rxc6 23. Rxc6 bxc6 24. Qxa6 g4 25. Ne5 Qxd4 26. Nxc6 Qc3 27.
b4 Kg7 28. b5 h5 29. Qa7 h4 30. Qe3 Qxe3 31. fxe3 Ra8 32. b6 Nd7 33. b7 Rxa3
34. Rxf7+ Kxf7 35. Ne5+ Ke7 36. Nxd7 Ra1+ 37. Kf2 Ra2+ 38. Ke1 Kxd7 39. b8=Q
Rxg2 1/2-1/2

[Event "LIII Festival A"]
[Site "Imperia ITA"]
[Date "2011.09.10"]
[Round "8"]
[White "Jurek, Josef"]
[Black "Suvrajit, Saha"]
[WhiteElo "2337"]
[BlackElo "2384"]
[Result "1-0"]
[PlyCount "99"]
[EventDate "2011.09.09"]

1. d4 d5 2. Nf3 Nf6 3. c4 e6 4. Nc3 c6 5. e3 Nbd7 6. Qc2 Bd6 7. Bd3 O-O 8. O-O
dxc4 9. Bxc4 b5 10. Be2 Bb7 11. Rd1 Qe7 12. h3 a6 13. e4 e5 14. dxe5 Nxe5 15.
Nd4 Bb4 16. f4 Ng6 17. e5 Nd5 18. Nxd5 cxd5 19. Be3 Rfc8 20. Qb3 Bc5 21. g3
Bxd4 22. Bxd4 Nf8 23. Rd2 Ne6 24. Qe3 Nxd4 25. Qxd4 b4 26. Rad1 a5 27. Qe3 Rc5
28. Bf3 Rd8 29. Rd4 h6 30. R1d2 Qe6 31. Kh2 Rc1 32. Qb3 Qb6 33. a3 Rc4 34. Qxc4
dxc4 35. Rxd8+ Kh7 36. R8d6 Qe3 37. Bxb7 c3 38. bxc3 bxc3 39. Rc2 g5 40. fxg5
hxg5 41. Bg2 Qxe5 42. Rc6 f5 43. R2xc3 f4 44. gxf4 Qxf4+ 45. Kh1 Qd4 46. Rc7+
Kh8 47. Rf3 Qa1+ 48. Rf1 Qxa3 49. Rb1 Qf8 50. Ra7 1-0

[Event "LIII Festival A"]
[Site "Imperia ITA"]
[Date "2011.09.10"]
[Round "8"]
[White "Mozny, Milos"]
[Black "Ahner, Thomas"]
[WhiteElo "2346"]
[BlackElo "2156"]
[Result "1-0"]
[PlyCount "120"]
[EventDate "2011.09.09"]

1. d4 Nf6 2. Nf3 e6 3. c4 b6 4. g3 Ba6 5. Bg2 Bxc4 6. Nc3 Ba6 7. O-O c6 8. Re1
d5 9. Ne5 Nfd7 10. Nd3 Be7 11. e4 dxe4 12. Nxe4 O-O 13. Bf4 Bc4 14. Nc3 Re8 15.
Rc1 g5 16. Bxb8 Nxb8 17. Ne5 Bd5 18. Nxd5 cxd5 19. Nxf7 Kxf7 20. Qh5+ Kg7 21.
Rxe6 Nd7 22. Rce1 Nf8 23. Qh6+ Kh8 24. R6e5 Ng6 25. Rxd5 Bd6 26. Be4 Qf6 27.
Rxg5 Bf8 28. Qh5 Qxd4 29. Rd5 Qb4 30. Qe2 Re7 31. f3 Rae8 32. a3 Qa4 33. h4 Re5
34. Rxe5 Nxe5 35. Kg2 Bg7 36. Bc2 Qc6 37. b4 Rd8 38. Be4 Qc3 39. Rd1 Rf8 40. f4
Nf7 41. Rd7 Qxa3 42. Bc2 Nh6 43. Qe7 Qb2 44. Kh3 Qa1 45. Bb1 a5 46. Qe4 Nf5 47.
Rd5 Qf6 48. bxa5 bxa5 49. Rxa5 Qg6 50. Rxf5 Qxf5+ 51. Qxf5 Rxf5 52. Bxf5 Bc3
53. Bc2 h6 54. g4 Kg7 55. g5 Bd2 56. Kg4 Bc3 57. f5 Bd4 58. Kf4 Bc3 59. Ke4 Be1
60. f6+ Kf7 1-0

[Event "LIII Festival A"]
[Site "Imperia ITA"]
[Date "2011.09.10"]
[Round "8"]
[White "Palit, Somak"]
[Black "Klaric, Zlatko"]
[WhiteElo "2363"]
[BlackElo "2422"]
[Result "1-0"]
[PlyCount "169"]
[EventDate "2011.09.09"]

1. e4 d5 2. Nc3 dxe4 3. Nxe4 Nf6 4. Nxf6+ gxf6 5. g3 h5 6. Nf3 e5 7. d3 Nc6 8.
Be3 Be6 9. Bg2 Qd7 10. d4 e4 11. Nd2 f5 12. c3 h4 13. Qa4 a6 14. O-O-O b5 15.
Qc2 Bxa2 16. Nxe4 O-O-O 17. Nc5 Bxc5 18. dxc5 Qe6 19. Bh3 Rxd1+ 20. Rxd1 Ne7
21. Bd4 Bb3 22. Qd2 Bxd1 23. Bxh8 Bf3 24. Qe3 Qd5 25. Bd4 hxg3 26. hxg3 Nc6 27.
Bf1 Bg4 28. Kc2 Na5 29. Be2 Kb7 30. f3 f4 31. gxf4 Bf5+ 32. Bd3 Qb3+ 33. Kc1
Nc4 34. Be4+ Kb8 35. Qe2 Bxe4 36. fxe4 Qa2 37. Qc2 Na5 38. Kd1 Qa1+ 39. Qc1
Qa4+ 40. Qc2 Nb3 41. Ke1 a5 42. Be3 Qc4 43. Qe2 Qa4 44. c6 Qc4 45. Qd1 Qxc6 46.
Qxb3 Qxe4 47. Qxb5+ Kc8 48. Kf2 a4 49. Qa6+ Kd7 50. Qf6 Qc2+ 51. Kf3 Qxb2 52.
Qxf7+ Kc8 53. Qe8+ Kb7 54. Qe4+ Kc8 55. Qa8+ Kd7 56. Qxa4+ Kc8 57. Qe8+ Kb7 58.
Qe5 Qa1 59. f5 Qh1+ 60. Ke2 Qg2+ 61. Bf2 Qg4+ 62. Ke3 Qg5+ 63. Qf4 Qf6 64. Qe4+
Kb8 65. Kd3 Qa6+ 66. Qc4 Qd6+ 67. Qd4 Qa6+ 68. Kd2 Qh6+ 69. Be3 Qh2+ 70. Kd3
Qh7 71. Qd8+ Kb7 72. Qd5+ Kb8 73. Bf4 Qh4 74. Qe5 Qh3+ 75. Ke4 Ka8 76. Qa5+ Kb7
77. Qb5+ Ka7 78. Qa5+ Kb7 79. Qxc7+ Ka6 80. Qc6+ Ka7 81. Be3+ Kb8 82. Qb6+ Kc8
83. Bf4 Kd7 84. Qc7+ Ke8 85. f6 1-0

[Event "LIII Festival A"]
[Site "Imperia ITA"]
[Date "2011.09.10"]
[Round "8"]
[White "Petrone, Gianmario"]
[Black "Cavatorta, Fosco"]
[WhiteElo "1909"]
[BlackElo "1905"]
[Result "1-0"]
[PlyCount "83"]
[EventDate "2011.09.09"]

1. e4 d6 2. d4 Nf6 3. Nc3 Nbd7 4. Nf3 e5 5. Bc4 Be7 6. O-O O-O 7. h3 c6 8. a4
Nxe4 9. Nxe4 d5 10. Bb3 dxe4 11. Nxe5 Nxe5 12. dxe5 Bf5 13. Bf4 Bc5 14. Re1 Qh4
15. Be3 Rad8 16. Qe2 Bxe3 17. Qxe3 b6 18. a5 c5 19. axb6 axb6 20. Ra6 Rb8 21.
Bd5 Rfe8 22. Qb3 Be6 23. Bxe6 Rxe6 24. Qd5 Qe7 25. Qxe4 f6 26. Ra8 Rxa8 27.
Qxa8+ Kf7 28. Ra1 Qe8 29. Ra7+ Re7 30. Qxe8+ Kxe8 31. Rxe7+ Kxe7 32. exf6+ Kxf6
33. Kf1 g5 34. Ke2 Ke5 35. Ke3 b5 36. g3 Kf5 37. f4 gxf4+ 38. gxf4 h5 39. Kf3
c4 40. c3 Kf6 41. Ke4 Ke6 42. h4 1-0

[Event "LIII Festival A"]
[Site "Imperia ITA"]
[Date "2011.09.10"]
[Round "8"]
[White "Saptarshi, Roy"]
[Black "Pedini, Dario"]
[WhiteElo "2385"]
[BlackElo "2206"]
[Result "1-0"]
[PlyCount "53"]
[EventDate "2011.09.09"]

1. d4 d5 2. Nc3 f5 3. e4 e6 4. exd5 exd5 5. Qe2+ Be7 6. Bg5 Nc6 7. O-O-O Kf7 8.
Bxe7 Ngxe7 9. Nh3 Ng6 10. Qh5 Nce7 11. Bd3 Qd6 12. f3 Bd7 13. g4 Kg8 14. gxf5
Nf4 15. Nxf4 Qxf4+ 16. Kb1 c6 17. Ne2 Qd6 18. Ng3 Rf8 19. Rde1 Qf6 20. Re5 Rf7
21. Rhe1 Kf8 22. f4 Ng8 23. Qe2 g6 24. Qd2 Qd6 25. Qa5 a6 26. Qd8+ Kg7 27. Nh5+
1-0

[Event "LIII Festival A"]
[Site "Imperia ITA"]
[Date "2011.09.10"]
[Round "8"]
[White "Sulava, Nenad"]
[Black "Van Hoolandt, Patrick"]
[WhiteElo "2540"]
[BlackElo "2148"]
[Result "1-0"]
[PlyCount "75"]
[EventDate "2011.09.09"]

1. Nf3 Nf6 2. c4 g6 3. g3 d6 4. d4 Bg7 5. Bg2 O-O 6. O-O Nbd7 7. Qc2 c6 8. Rd1
Qc7 9. h3 Re8 10. e4 e5 11. Nc3 b5 12. Be3 b4 13. Na4 c5 14. d5 Nb6 15. a3 Nxa4
16. Qxa4 Bd7 17. Qc2 b3 18. Qd3 Rab8 19. Bd2 Rb7 20. a4 Reb8 21. Ra3 Nxe4 22.
Qxe4 Bf5 23. Qh4 e4 24. Ng5 h6 25. Nxe4 Bxb2 26. Nf6+ Bxf6 27. Qxf6 Qe7 28. Qb2
Bc2 29. Re1 Qf8 30. Raa1 Kh7 31. Be4 Bxe4 32. Rxe4 Qg8 33. Rae1 g5 34. g4 h5
35. Qf6 Qd8 36. Re7 Rxe7 37. Rxe7 Kg8 38. Qxf7+ 1-0

[Event "LIII Festival A"]
[Site "Imperia ITA"]
[Date "2011.09.10"]
[Round "8"]
[White "Zach, Andreas"]
[Black "Luciani, Valerio"]
[WhiteElo "2344"]
[BlackElo "2179"]
[Result "1-0"]
[PlyCount "33"]
[EventDate "2011.09.09"]

1. d4 Nf6 2. Bf4 d6 3. e3 g6 4. Nf3 Bg7 5. c3 O-O 6. h3 b6 7. a4 a5 8. Na3 Ba6
9. Bb5 c6 10. Bxa6 Rxa6 11. O-O Nfd7 12. Qb3 e5 13. Bh2 Kh8 14. Rad1 Qe7 15.
Nc4 f6 16. Qa3 Re8 17. Nxd6 1-0

[Event "LIII Festival A"]
[Site "Imperia ITA"]
[Date "2011.09.11"]
[Round "9"]
[White "Cavatorta, Fosco"]
[Black "Maniero, Andrea"]
[WhiteElo "1905"]
[BlackElo "2043"]
[Result "1-0"]
[PlyCount "47"]
[EventDate "2011.09.09"]

1. d4 c5 2. e3 e6 3. Bd3 Nf6 4. Nf3 b6 5. O-O d5 6. b3 Bb7 7. Bb2 Nbd7 8. Nbd2
Be7 9. Ne5 Nxe5 10. dxe5 Nd7 11. f4 a6 12. c4 Qc7 13. cxd5 Bxd5 14. Rc1 b5 15.
a4 Qb7 16. e4 Bc6 17. axb5 axb5 18. Qg4 Rg8 19. f5 exf5 20. exf5 O-O-O 21. Be4
Nxe5 22. Bxe5 Rxd2 23. f6+ Qd7 24. Bf5 1-0

[Event "LIII Festival A"]
[Site "Imperia ITA"]
[Date "2011.09.11"]
[Round "9"]
[White "Ianniello, Riccardo"]
[Black "Petrone, Gianmario"]
[WhiteElo "2140"]
[BlackElo "1909"]
[Result "1-0"]
[PlyCount "137"]
[EventDate "2011.09.09"]

1. e4 c5 2. Nf3 d6 3. c3 Nc6 4. Bc4 Nf6 5. Qe2 Bg4 6. h3 Bxf3 7. Qxf3 e6 8. Qe2
Be7 9. Bb3 O-O 10. O-O d5 11. d3 b5 12. Bc2 b4 13. Ba4 Rc8 14. Bxc6 Rxc6 15.
Bg5 Re8 16. Bxf6 Bxf6 17. e5 Be7 18. c4 f6 19. f4 dxc4 20. dxc4 Qd4+ 21. Kh2
Rf8 22. Nd2 Qxb2 23. Qe4 Ra6 24. Qb7 Rxa2 25. Rxa2 Qxa2 26. Qxe7 Qxd2 27. Qxe6+
Kh8 28. Qe7 Qd8 29. Qxa7 fxe5 30. Qxc5 b3 31. Qxe5 Qb8 32. Qxb8 Rxb8 33. c5 b2
34. Rb1 Kg8 35. c6 Kf7 36. c7 Rc8 37. Rxb2 Rxc7 38. Rb3 h5 39. Kg3 Rc5 40. Kh4
g6 41. Rb6 Ra5 42. g4 hxg4 43. hxg4 Rc5 44. Rb7+ Kg8 45. Re7 Kf8 46. Re5 Rc4
47. Kg5 Kf7 48. Rb5 Rc6 49. Kh6 Rc4 50. Rb7+ Kf8 51. Kxg6 Rxf4 52. Rb8+ Ke7 53.
g5 Rg4 54. Kh6 Kf7 55. Rb7+ Kf8 56. Kg6 Rg1 57. Rb8+ Ke7 58. Rg8 Rg2 59. Kh7
Rh2+ 60. Kg7 Rg2 61. g6 Rh2 62. Ra8 Rh1 63. Kg8 Rh2 64. Ra3 Kf6 65. g7 Rg2 66.
Ra6+ Ke7 67. Rh6 Rg1 68. Rh2 Kf6 69. Kh8 1-0

[Event "LIII Festival A"]
[Site "Imperia ITA"]
[Date "2011.09.11"]
[Round "9"]
[White "Jirovsky, Milos"]
[Black "Formento, Paolo"]
[WhiteElo "2466"]
[BlackElo "2068"]
[Result "1-0"]
[PlyCount "63"]
[EventDate "2011.09.09"]

1. Nf3 Nf6 2. c4 c5 3. g3 Nc6 4. Bg2 d5 5. cxd5 Nxd5 6. Nc3 g6 7. O-O Bg7 8.
Nxd5 Qxd5 9. d3 O-O 10. Be3 Qd6 11. Qa4 Bd7 12. Qh4 Nd4 13. Nxd4 cxd4 14. Bg5
f6 15. Bd2 f5 16. a3 a5 17. Bxb7 Bf6 18. Qh3 Rab8 19. Bf3 Rxb2 20. Bxa5 Rc8 21.
Bb4 Qa6 22. Rfc1 Rcc2 23. Qf1 Bc6 24. Rxc2 Rxc2 25. Bxc6 Qxc6 26. a4 Rb2 27.
Qe1 Qe6 28. Bd2 Ra2 29. a5 Rxa1 30. Qxa1 Qa6 31. Qa2+ e6 32. Qa4 1-0

[Event "LIII Festival A"]
[Site "Imperia ITA"]
[Date "2011.09.11"]
[Round "9"]
[White "Jose' Polanco, Kenia"]
[Black "De Barberis, Massimo"]
[WhiteElo "1963"]
[BlackElo "2093"]
[Result "0-1"]
[PlyCount "80"]
[EventDate "2011.09.09"]

1. Nf3 Nf6 2. d4 e6 3. Bf4 b6 4. Nbd2 Bb7 5. c3 Be7 6. Qc2 d5 7. h3 Ne4 8. Nxe4
dxe4 9. Nd2 f5 10. Qb3 Qd7 11. O-O-O O-O 12. e3 Bd6 13. Bc4 Re8 14. g4 Kh8 15.
gxf5 exf5 16. Bb5 Bc6 17. Bxc6 Nxc6 18. Bxd6 cxd6 19. Qd5 Ne7 20. Qf7 Rf8 21.
Qh5 Nd5 22. Rhg1 Rac8 23. Nxe4 g6 24. Qg5 Qa4 25. Kb1 Qb5 26. Nxd6 Nxc3+ 27.
Ka1 Qa5 28. a3 Nxd1 29. Nxc8 Qd2 30. Rxd1 Qxd1+ 31. Ka2 Qc2 32. Nd6 Qc7 33. Qf4
Rf6 34. Nb5 Qc4+ 35. Kb1 Qxb5 36. Qb8+ Kg7 37. Qxa7+ Rf7 38. Qb8 Qc6 39. Qe5+
Qf6 40. Qg3 Qe6 0-1

[Event "LIII Festival A"]
[Site "Imperia ITA"]
[Date "2011.09.11"]
[Round "9"]
[White "Palit, Somak"]
[Black "Arnaudov, G. Petar"]
[WhiteElo "2363"]
[BlackElo "2484"]
[Result "1/2-1/2"]
[PlyCount "29"]
[EventDate "2011.09.09"]

1. e4 e5 2. Nf3 Nc6 3. Nc3 Nf6 4. g3 d5 5. exd5 Nd4 6. Bg2 Bg4 7. h3 Bxf3 8.
Bxf3 Nxf3+ 9. Qxf3 Bb4 10. d3 Qxd5 11. Qxd5 Nxd5 12. Bd2 Nxc3 13. bxc3 Bd6 14.
Rb1 O-O-O 15. g4 1/2-1/2

[Event "LIII Festival A"]
[Site "Imperia ITA"]
[Date "2011.09.11"]
[Round "9"]
[White "Poloch, Petr"]
[Black "Van Hoolandt, Patrick"]
[WhiteElo "2276"]
[BlackElo "2148"]
[Result "1/2-1/2"]
[PlyCount "33"]
[EventDate "2011.09.09"]

1. c4 e5 2. Nc3 Nc6 3. Nf3 Nf6 4. e3 Bb4 5. Qc2 O-O 6. Nd5 Re8 7. Qf5 d6 8.
Nxf6+ Qxf6 9. Qxf6 gxf6 10. a3 Bc5 11. b4 Bb6 12. Bb2 a5 13. b5 Ne7 14. Be2 c5
15. bxc6 bxc6 16. d4 Bc7 17. Bc3 1/2-1/2

[Event "LIII Festival A"]
[Site "Imperia ITA"]
[Date "2011.09.11"]
[Round "9"]
[White "Suvrajit, Saha"]
[Black "Zach, Andreas"]
[WhiteElo "2384"]
[BlackElo "2344"]
[Result "0-1"]
[PlyCount "112"]
[EventDate "2011.09.09"]

1. c4 Nf6 2. Nc3 c6 3. e4 e5 4. Nf3 Qc7 5. d4 d6 6. g3 a6 7. Bg2 b5 8. O-O Nbd7
9. cxb5 axb5 10. d5 cxd5 11. Nxd5 Nxd5 12. Qxd5 Qb7 13. Qd1 Qb8 14. Re1 Be7 15.
Nd2 Nc5 16. Nf1 Be6 17. a3 Nb3 18. Rb1 O-O 19. Ne3 Bg5 20. Bd2 Nxd2 21. Qxd2
Ra4 22. Qe2 b4 23. Nd5 bxa3 24. bxa3 Qa7 25. Nc3 Bc4 26. Qb2 Rxa3 27. Nb5 Bxb5
28. Qxb5 Bd2 29. Re2 Bc3 30. Bh3 Ra2 31. Rxa2 Qxa2 32. Qb3 Qxb3 33. Rxb3 Bd4
34. Bd7 g6 35. Bc6 Kg7 36. Kg2 Rc8 37. Bd5 Rc2 38. Rf3 f6 39. h4 h5 40. Bb3 Rd2
41. Bc4 Bc5 42. Bb3 f5 43. exf5 e4 44. Rf4 d5 45. fxg6 e3 46. Kf1 Bd6 47. Rf5
e2+ 48. Ke1 Bb4 49. Rf7+ Kxg6 50. Rb7 Bc3 51. Rc7 d4 52. Bf7+ Kf6 53. Bxh5 d3
54. Rc6+ Kg7 55. Bxe2 Rxe2+ 56. Kf1 Re1+ 0-1

[Event "LIII Festival A"]
[Site "Imperia ITA"]
[Date "2011.09.11"]
[Round "9"]
[White "Svetushkin, Dmitry"]
[Black "Saptarshi, Roy"]
[WhiteElo "2594"]
[BlackElo "2385"]
[Result "1-0"]
[PlyCount "77"]
[EventDate "2011.09.09"]

1. d4 d5 2. c4 e6 3. Nf3 c6 4. Nc3 dxc4 5. e3 b5 6. a4 Bb4 7. Bd2 a5 8. axb5
Bxc3 9. Bxc3 cxb5 10. b3 Bb7 11. bxc4 b4 12. Bb2 Nf6 13. Bd3 O-O 14. O-O Nbd7
15. Re1 Ne4 16. Qc2 f5 17. c5 Bc6 18. Bc4 Qe7 19. Bb3 Kh8 20. Rec1 f4 21. Re1
Ng5 22. e4 Nxf3+ 23. gxf3 Qg5+ 24. Kh1 Qh5 25. Qd1 Rf6 26. Rg1 Rh6 27. Rg2 Bxe4
28. fxe4 f3 29. Kg1 Nf6 30. Bxe6 fxg2 31. Qxh5 Nxh5 32. d5 Nf4 33. Bf5 Rh5 34.
Be5 Nd3 35. Bd6 a4 36. c6 Rxf5 37. exf5 a3 38. c7 Rc8 39. Bxb4 1-0